World Countries in 1939 - Statistics

General Stats
  • This quiz has been taken 595 times
  • The average score is 46 of 69
Answer Stats
Continent Answer % Correct
Intercontinental Soviet Union
92%
Intercontinental British Empire
91%
Intercontinental United States
91%
Intercontinental France
89%
Europe Germany
89%
Asia China
87%
Intercontinental Italy
85%
Intercontinental Japan
85%
Intercontinental Spain
83%
South America Brazil
80%
Intercontinental Portugal
80%
Intercontinental Belgium
79%
North America Canada
79%
Europe Poland
79%
Intercontinental Netherlands
78%
Europe Norway
78%
Intercontinental Turkey
78%
Europe Yugoslavia
78%
Intercontinental Denmark
77%
North America Mexico
77%
Europe Sweden
77%
South America Argentina
76%
Europe Finland
76%
Europe Romania
75%
Europe Greece
73%
Europe Bulgaria
72%
Europe Hungary
70%
South America Chile
68%
South America Colombia
68%
Europe Albania
67%
Europe Luxembourg
67%
South America Peru
67%
Europe Switzerland
67%
Africa Liberia
66%
Asia Iran
65%
North America Panama
65%
Europe Vatican City
65%
Europe Andorra
64%
Asia Mongolia
64%
Europe San Marino
64%
North America Cuba
63%
Europe Estonia
63%
Africa Egypt
62%
Europe Latvia
62%
Europe Lithuania
62%
South America Uruguay
62%
South America Bolivia
61%
South America Ecuador
61%
Asia Saudi Arabia
61%
North America Guatemala
59%
Asia Iraq
59%
Europe Ireland
59%
North America Honduras
58%
Europe Liechtenstein
58%
North America Nicaragua
58%
North America Costa Rica
57%
North America El Salvador
57%
North America Haiti
57%
Europe Monaco
56%
North America Dominican Republic
54%
Asia Afghanistan
52%
Europe Slovakia
52%
Asia Yemen
50%
Asia Nepal
44%
Asia Siam
39%
Asia Tibet
37%
Africa Morocco
35%
Europe Danzig
27%
Asia Communist China
11%
No matching quizzes found
Score Distribution
Percent of People with Each Score
Percentile by Number Answered
Your Score History
You have not taken this quiz